| 000 | 00784nam a22002057a 4500 | ||
|---|---|---|---|
| 999 |
_c1321 _d1321 |
||
| 003 | AR-CdUCM | ||
| 008 | 190226b ||||| |||| 00| 0 spa d | ||
| 040 |
_aMUNICIPALIDAD PROVINCIAL DEL CUSCO _cBIBLIOTECA MUNICIPAL DEL CUSCO |
||
| 082 |
_a338.9 / _bR91 |
||
| 100 |
_aRubinstein, David Guillermo _95080 |
||
| 245 | _aHombres, tecnología y cambios sociales / | ||
| 260 |
_aBuenos Aires : _bEditora Pleamar; _c1970. |
||
| 300 |
_a203 paginas ; _c20 cm. |
||
| 505 | _aQue es automacion -- Barreras psicológicas al progreso -- Miedo-esperanza -- Justificación del esfuerzo financiero -- El problema energético ... | ||
| 650 |
_aInversión privada _95081 |
||
| 650 |
_aProblema energético _95082 |
||
| 650 |
_aLiberalismo _91985 |
||
| 942 |
_2ddc _cLIBROS |
||
| 945 |
_arum _d2019-02-26 |
||